000 00753nam a2200241 i 4500
001 bg
100 1 _aBERGER, Peter L.
245 1 0 _aZaproszenie do socjologii /
_cPeter L. Berger ; przeł. [z ang.] Janusz Stawiński.
246 _iTyt. oryg.:
_aInvitation to sociology : a humanistic perspective
250 _a[Wyd. 4].
260 _aWarszawa :
_bWydaw. Naukowe PWN,
_c1998.
300 _a184, [3] s. ;
_c21 cm.
500 _aOryg. : "Invitation to sociology : a humanistic perspective". 1963.
504 _aBibliogr. s. 164-178. - Indeksy.
650 9 _aSocjologia
020 _a8301118245
040 _cBPK
041 1 _apl
_hen
080 _a316
920 _a83-01-11824-5
942 _cKS
008 s pl f |000 0 pol
999 _c34271
_d34271
856 _uhttp://koha.tu.koszalin.pl/cgi-bin/koha/opac-detail.pl?biblionumber=34271
_yKatalog online BPK